000 00874nam a2200253 i 4500
001 181488
003 ES-MaACL
005 20240104063014.0
008 130123s2012 sp | |||||||| | spa d
020 _a978-84-9892-337-7
080 _a94(460)"1936/39"
100 1 _aViñas, Ángel,
_d1941-
_9115369
245 1 3 _aLa República en guerra :
_bcontra Franco, Hitler, Mussolini y la hostilidad británica /
_cÁngel Viñas.
250 _a1ª ed.
260 _aBarcelona :
_bCrítica,
_c2012.
300 _a406 p. ;
_c24 cm.
490 1 _aCrítica contrastes
504 _aBibliografía: p. 377-378. Índice.
651 4 _aEspaña-
_xHistoria-
_y1931-1939, II República.
_98283
830 0 _aCrítica contrastes
_9180307
852 _aES-MaACL
_jA-12558
_9188389
_bR.148768
_cDEPO1
_dOlim: N-5561
942 _2udc
_cMONOGRAFIA
999 _c181488
_d181488